| 000 | 00940nam a2200265Ia 4500 | ||
|---|---|---|---|
| 003 | AR-RoIUNI | ||
| 005 | 20210316133355.0 | ||
| 007 | ta | ||
| 008 | 150616s2007 ag r 000 0 spa d | ||
| 020 | _a9789505180523 | ||
| 040 | _cIUNIR | ||
| 080 | _a316 | ||
| 100 | 1 | _aLourau, René. | |
| 245 | 1 | 3 |
_aEl análisis institucional / _cRené Lourau. |
| 250 | _a1a. ed., 5a reimpr. | ||
| 260 |
_aBuenos Aires : _bAmorrortu, _c2007. |
||
| 300 |
_a304 p. ; _c20 cm. |
||
| 490 | 0 | _aSociología | |
| 505 | 1 | _a1. La institución en la filosofía del derecho -- 2. Marxismo e instituciones -- 3. El concepto de institución en psicología -- 4. La intervención psicoanalítica -- 5. La intervención psicosociológica -- 6. La intervención pedagógica -- 7. Hacia la intervención socioanalítica. | |
| 650 | 4 |
_aPSICOLOGÍA _9108 |
|
| 650 | 4 |
_aSOCIOLOGÍA _9560 |
|
| 650 | 4 | _aPSICOANÁLISIS | |
| 650 | 4 |
_aPEDAGOGÍA _9475 |
|
| 942 |
_cBK _2cdu |
||
| 999 |
_c1563 _d1563 |
||